000 00938nam a2200241 a 4500
005 20191224041702.0
008 140310b2001 ck ||||| |||| 00| 0 spa d
040 _aCO-BoIAVH
_cCO-BoIAVH
041 0 _aspa
044 _ack
082 0 4 _a631.86
_bP92a
245 0 0 _aPreparación de abonos orgánicos /
_ceditado por Rebecca Lee
260 _aChía (Cundinamarca, Colombia) :
_bCentro de Investigaciones y Asesorías Agroindustriales,
_c2001.
300 _a64 páginas ;
_bgráficas y tablas ;
_c29 x 23 cm.
650 2 6 _aPrácticas agrícolas
_xproducción
650 2 6 _aAbonos orgánicos
650 2 6 _aAgricultura orgánica
650 2 6 _aAgricultura
_xManejo del suelo
650 2 6 _aLombriz de tierra
700 1 _aLee, Rebecca
_eeditora
710 2 _aUniversidad de Bogotá Jorge Tadeo Lozano
_bCentro de Investigaciones y Asesorías Agroindustriales, CIAA
942 _cLIBRO
_2ddc
999 _c3255
_d3255